Устройство электрических линий. Ч. 2: Ремонт воздушных линий (Запись № 13581585)

Подробности
000 -МАРКЕР
контрольное поле 01202nam2a2200229 4500
001 - ИДЕНТИФИКАТОР ЗАПИСИ
контрольное поле rc\2867879
005 - ИДЕНТИФИКАТОР ВЕРСИИ
контрольное поле 20260315051440.0
035 ## - ДРУГИЕ СИСТЕМНЫЕ НОМЕРА
Идентификатор записи (NLR Aleph) 007021542
100 ## - ДАННЫЕ ОБЩЕЙ ОБРАБОТКИ
Данные общей обработки 20260315 rusy50
101 0# - ЯЗЫК РЕСУРСА
Язык текста, звукозаписи и т.д. русский
102 ## - СТРАНА ПУБЛИКАЦИИ ИЛИ ПРОИЗВОДСТВА
Страна публикации Российская Федерация
105 ## - ПОЛЕ КОДИРОВАННЫХ ДАННЫХ: ТЕКСТОВЫЕ МАТЕРИАЛЫ, МОНОГРАФИЧЕСКИЕ
Кодированные данные о монографическом текстовом документе y z |||||
200 1# - ЗАГЛАВИЕ И СВЕДЕНИЯ ОБ ОТВЕТСТВЕННОСТИ
Основное заглавие Ремонт воздушных линий
Первые сведения об ответственности Составил М.В. Катков
Обозначение и номер части Лекция 1
210 ## - ПУБЛИКАЦИЯ, РАСПРОСТРАНЕНИЕ И ДР.
Дата издания, распространения и т.д. Б. г.
461 #0 - УРОВЕНЬ НАБОРА
Встроенное поле 001rc\2867870
-- 2001#$aУстройство электрических линий$eЛекция 1-$fЦентр. профтехн. заочные курсы Н.К.П.С. Электротехн. отд-ние$vЧ. 2
Системный номер (АБИС) связанной записи 5913609
Автор Центральный политехнический заочный институт транспорта (Москва)
Место публикации [Москва]
Дата публикации Б. г.
Первые сведения об ответственности Центр. профтехн. заочные курсы Н.К.П.С. Электротехн. отд-ние
Имя издателя, распространителя и т.д. Транспечать НКПС
Сведения, относящиеся к заглавию Лекция 1-
Заглавие Устройство электрических линий
Номер тома Ч. 2
702 #1 - ИМЯ ЛИЦА - ВТОРИЧНАЯ ОТВЕТСТВЕННОСТЬ
Начальный элемент ввода Катков
Часть имени, кроме начального элемента ввода М.В.
Код отношения Составитель
801 #0 - ИСТОЧНИК ЗАПИСИ
Страна Российская Федерация
Организация NLR
Правила каталогизации psbo
801 #1 - ИСТОЧНИК ЗАПИСИ
Страна Российская Федерация
Организация ELAR
Источник данных rusmarc
852 ## - МЕСТОНАХОЖДЕНИЕ И ШИФР ХРАНЕНИЯ
Идентификатор организации NLR
Шифр хранения (Call Number) 30.17/93
942 ## - ДОПОЛНИТЕЛЬНЫЕ ЭЛЕМЕНТЫ ЗАПИСИ (АБИС)
Тип экземпляра АБИС Неопределено
980 ## - КОЛЛЕКЦИЯ
Название коллекции Национальная библиография

Нет доступных экземпляров.